• 首页
  • 本馆介绍
  • 公告通知
  • 最新文献
  • 馆藏检索
  • 电子资源
  • 读者导购
  • 参考咨询
  • 我的图书馆
  • 登录
  • 详细信息显示
  • 放入我的书架
  • 预约/预借图书
  • 作者相关作品
  • 分类相关作品
  • 丛书相关作品
  • 出版社相关作品

书目信息

  • 表格格式
  • 工作单格式
  • 卡片格式
题名:
电路原理
    
 
作者: 周孔章 编
分册: 上册  
出版信息: 北京   高等教育出版社  1983-1984
页数: 464页
开本: 21cm
丛书名:
单 册:
中图分类: TN701 , TM13
科图分类:
主题词: 电子电路-电路理论 , 电路理论-电子电路 , 电路理论
电子资源:
ISBN:
000 00768nam0 2200289 45
001 0183000683
005 20040524092126.0
010    @dCNY1.70
091    @a15010.0535
100    @a19950615f19831984em y0chiy0121 ea
101 0  @achi
102    @aCN@b110000
105    @ay z 000yy
106    @ar
200 10 @a电路原理@h上册@Adian lu yuan li@f周孔章编
210    @a北京@c高等教育出版社@d1983-1984
215    @a464页@d21cm
300    @a高等学校函授教材(兼作高等教育自学用书)
606    @a电子电路-电路理论
606    @a电路理论-电子电路
606 0  @a电路理论
690    @aTN701@v3 
690    @aTM13
701  0 @a周孔章@Azhou kong zhang@4编
801  0 @aCN@b上海图书馆@c20040524
801  2 @aCN@bNLC@c20040524
905    @f3@b109010-012@dTM13@e92:1
    
    电路原理.上册/周孔章编.-北京:高等教育出版社,1983-1984
    464页;21cm
    高等学校函授教材(兼作高等教育自学用书)
    
    ISBN :CNY1.70
    
●
相关链接 在E读中查询图书 在五车中查询图书 在当当中查询图书 在豆瓣中查询图书


正题名:电路原理     索取号:TM13/92:1         预约/预借

序号 登录号 条形码 馆藏地/架位号 状态 备注
1 0109010   001343790   第三借阅区/ [索取号:TM13/92:1] 在馆    
2 0109011   001343718   第二样本阅览室/ [索取号:TM13/92:1] 在馆    
3 0109012   001343754   第三借阅区/ [索取号:TM13/92:1] 在馆    
唐山师范学院图书馆 欢迎您!
大连网信软件有限公司© 版权所有